00579 2200205 4500001002100000005001500021035002000036007000300056008004100059020002200100082001000122084001600132100001500148245011000163250001000273260003800283300002700321650001600348990000900364INLIS00000000000007520170909095440 a0010-0917000061ta170909 f 0 ind  a978-979-25-4666-8 a297.2 a297.2 NAS j0 aNasiruddin1 aJalan Yang Ditempuh Para Pecinta Allah :bKisah Kezuhudan Manusia Pilihan Sepanjang Zaman /cMeita Sandra aCet.2 aJogjakarta :bDarul Hikmah,c2013 a484hlm ;c13,5 x 20 cm aAgama Islam a3718